000 00298nam a2200121Ia 4500
008 241015s9999 xx 000 0 und d
041 _aeng
082 _a658.403 JON
100 _aJones
245 _aDecision Making For Dummies
260 _bWiley India
_aNew Delhi
_c2014
300 _a370;. P. 23 cm
999 _c41901
_d41901